000 01820cam a2200481 c 4500
001 1931822042
003 DE-627
005 20250930111832.0
007 cr uuu---uuuuu
008 250725s2022 xx |||||o 00| ||ger c
020 _a9783842085527
_cEPUB
024 7 _aurn:nbn:de:gbv:18-epflicht-6098
_2urn
035 _a(DE-627)1931822042
035 _a(DE-599)KEP11729148X
035 _a(EPFHH)49a97a66-4eb6-4dd6-85f0-1571dbf7ffc5
035 _a(EPFHH-TOKYOPOP)1040090134_9783842085527
035 _a(DE-627-1)11729148X
040 _aDE-627
_bger
_cDE-627
_erda
041 _ager
072 7 _a9182
_2wsb
082 0 4 _a741.5
_qDE-576
245 0 0 _aCall of the Night, Band 02
_cKotoyama
264 1 _aHamburg
_bTOKYOPOP Verlag
_c2022
300 _a1 Online-Ressource (192 S.)
336 _aText
_btxt
_2rdacontent
337 _aComputermedien
_bc
_2rdamedia
338 _aOnline-Ressource
_bcr
_2rdacarrier
490 0 _aCall of the Night
_v2
520 _aNach dem Kuss mit Nazuna ist Kou verwirrt und kommt nach einigem Nachdenken zu dem Schluss, dass er bereits in sie verliebt sein muss. Wird er sich nun endlich in einen Vampir verwandeln? Unterdessen nähert sich Akira den beiden an und kommt hinter Nazunas Geheimnis.
583 1 _aArchivierung/Langzeitarchivierung gewährleistet
_fPEHH
_kDE-576
_2pdager
_5DE-18
650 4 _aMystery
650 4 _aRomance
650 4 _aSlice of Life
650 4 _aSupernatural
650 4 _aVampire
700 0 _aKotoyama
_eVerfasserIn
_4aut
776 1 _z9783842079328
776 1 _z9783842079328
776 0 8 _iErscheint auch als
_nDruck-Ausgabe
_z9783842079328
856 4 0 _uhttps://nbn-resolving.org/urn:nbn:de:gbv:18-epflicht-6098
_mX:EPF
_qapplication/epub+zip
_zlizenzpflichtig
942 _2ddc
_cMGA
_n0
951 _aBO
999 _c1358
_d1358